Loading...
Sahitya aur Aaj ke Sawal/
| Main Author: | |
|---|---|
| Format: | Printed Book |
| Published: |
Delhi:
Ananya Prakashan,
2019.
|
| Subjects: |
| LEADER | 00554nam a22001697a 4500 | ||
|---|---|---|---|
| 999 | |c 145298 |d 145298 | ||
| 020 | |a 9789387145774 | ||
| 082 | |a H4 |b DWA/S | ||
| 100 | |a Dwarika Prasad Charumitra | ||
| 245 | |a Sahitya aur Aaj ke Sawal/ |c by Dwarika Prasad Charumitra | ||
| 260 | |a Delhi: |b Ananya Prakashan, |c 2019. | ||
| 300 | |a 200p. | ||
| 650 | |a Essays Hindi | ||
| 650 | |a Literature Hindi | ||
| 650 | |a Literature | ||
| 942 | |c BK | ||
| 952 | |0 0 |1 0 |4 0 |6 H_4_000000000000000_DWA_S |7 0 |9 103690 |a SSUS |b SSUS |c STACKS |d 2020-09-30 |g 450.00 |o H4 DWA/S |p 100675 |r 2020-09-30 |w 2020-09-30 |y BK | ||